000
00373nam a2200145Ia 4500
008
231129s1980||||xx |||||||||||||| ||spa||
020
_a
84-7095-053-3
040
_b
spa
082
_a
R 751.4 B722t
100
_a
Bontcé J.
245
0
_a
Tecnicas y secretos de la pintura
260
_c
1980
264
_a
L.E.D.A
942
_2
ddc
_c
BKS
999
_c
25104
_d
25104